[Event "Titled Tuesday intern op 09th May Late"]
[Site "Chess.com INT"]
[Date "2023.05.09"]
[Round "5"]
[White "Ibrahimli, Murad Sultanali"]
[Black "Moussard, Jules"]
[Result "0-1"]
[WhiteElo "2406"]
[BlackElo "2644"]
[PlyCount "106"]
[EventDate "2023.05.09"]
[EventType "swiss (blitz)"]
[EventRounds "11"]
[EventCountry "USA"]
[SourceTitle "CBM 214 Extra"]
[Source "ChessBase"]
[SourceDate "2023.07.31"]
[SourceVersion "1"]
[SourceVersionDate "2023.07.31"]
[SourceQuality "1"]

1. d4 d5 2. c4 e6 3. Nc3 a6 4. cxd5 exd5 5. Bf4 Nf6 6. e3 Bd6 7. Bg5 c6 8. Bd3 0-0 9. Qc2 h6 10. Bh4 Be6 11. Nge2 Nbd7 12. f3 c5 13. 0-0 Re8 14. Bf2 Rc8 15. h3 b5 16. dxc5 Nxc5 17. a3 Nfd7 18. Bh7+ Kh8 19. Bf5 Ne5 20. Bxe6 fxe6 21. Rad1 Qf6 22. e4 Qg6 23. Kh1 Nc4 24. b4 Nd7 25. Qb3 Nf6 26. exd5 exd5 27. Rg1 Ne3 28. Rd2 Qg5 29. h4 Qf5 30. Nd4 Qg6 31. Nce2 Nc4 32. Rdd1 Be5 33. Qd3 Qh5 34. g4 Qf7 35. Rc1 Nd7 36. g5 Bxd4 37. Nxd4 Nde5 38. Qd1 Rf8 39. gxh6 gxh6 40. Rg3 Rg8 41. Qe2 Qf4 42. Rxg8+ Rxg8 43. Rd1 Rf8 44. Rg1 Qf6 45. Rg3 Qxh4+ 46. Kg2 Qf6 47. Rh3 Rg8+ 48. Bg3 Kh7 49. Qc2+ Rg6 50. f4 Ne3+ 51. Kh2 Nxc2 52. f5 Rg4 53. Ne6 Qxf5 0-1

[Event "Titled Tuesday intern op 18th Apr Late"]
[Site "Chess.com INT"]
[Date "2023.04.18"]
[Round "3"]
[White "Korchmar, Vasiliy"]
[Black "Ibrahimli, Murad Sultanali"]
[Result "0-1"]
[WhiteElo "2438"]
[BlackElo "2406"]
[PlyCount "116"]
[EventDate "2023.04.18"]
[EventType "swiss (blitz)"]
[EventRounds "11"]
[EventCountry "USA"]
[SourceTitle "EXT 2024"]
[Source "ChessBase"]
[SourceDate "2023.10.10"]
[SourceVersion "1"]
[SourceVersionDate "2023.10.10"]
[SourceQuality "1"]

1. e4 c5 2. Nf3 a6 3. c3 d5 4. exd5 Qxd5 5. d4 Nf6 6. Na3 e6 7. Nc4 Nbd7 8. Bd3 cxd4 9. cxd4 Be7 10. 0-0 0-0 11. Bg5 b5 12. Ne3 Qd6 13. d5 h6 14. dxe6 fxe6 15. Bh4 Bb7 16. Bg3 Qb6 17. Nh4 Bc5 18. Ng4 Rad8 19. Qe2 Nxg4 20. Qxg4 Nf6 21. Qe2 Bd4 22. Rfe1 Bxb2 23. Qxb2 Rxd3 24. Ng6 Re8 25. Be5 Red8 26. Rf1 Kf7 27. Nf4 Rd2 28. Qc3 Qc6 29. Qh3 Re8 30. Rac1 Rc2 31. Rxc2 Qxc2 32. Bxf6 Kxf6 33. Qh5 Bc6 34. Qh4+ Kf7 35. Qh5+ Kg8 36. Qe5 Qf5 37. Qe3 e5 38. Nd3 Qe4 39. Qg3 Qd4 40. Re1 e4 41. Nf4 Kh7 42. h4 Qf6 43. Nh5 Qf7 44. Nf4 Rf8 45. Nh3 e3 46. Rxe3 Qg6 47. Qxg6+ Kxg6 48. Re6+ Rf6 49. Re7 Kh7 50. g3 Bf3 51. Nf4 Rc6 52. Re1 Rc2 53. a3 Rc3 54. Kh2 Rxa3 55. h5 Ra2 56. Kh3 Rxf2 57. g4 Bc6 58. Kg3 Rf3+ 0-1

[Event "Titled Tuesday intern op 18th Apr Late"]
[Site "Chess.com INT"]
[Date "2023.04.18"]
[Round "1"]
[White "Martinez Martin, David"]
[Black "Ibrahimli, Murad Sultanali"]
[Result "0-1"]
[WhiteElo "2385"]
[BlackElo "2406"]
[PlyCount "52"]
[EventDate "2023.04.18"]
[EventType "swiss (blitz)"]
[EventRounds "11"]
[EventCountry "USA"]
[SourceTitle "EXT 2024"]
[Source "ChessBase"]
[SourceDate "2023.10.10"]
[SourceVersion "1"]
[SourceVersionDate "2023.10.10"]
[SourceQuality "1"]

1. e4 e5 2. Nf3 Nc6 3. Bc4 Bc5 4. 0-0 Nf6 5. d3 d6 6. c3 a6 7. h3 Ba7 8. Re1 h6 9. Bb3 g5 10. d4 g4 11. hxg4 Bxg4 12. Be3 Rg8 13. Kf1 Nh5 14. Nbd2 Qf6 15. dxe5 Nxe5 16. Bxa7 Rxa7 17. Re3 Nf4 18. Nc4 Nxg2 19. Ncxe5 Nxe3+ 20. fxe3 dxe5 21. Kf2 Ra8 22. Qe2 Rd8 23. Rd1 Rxd1 24. Bxd1 Bxf3 25. Qxf3 Qxf3+ 26. Bxf3 Ke7 0-1

[Event "Guba op"]
[Site "Guba"]
[Date "2023.02.12"]
[Round "8"]
[White "Garayev, Kanan Farzali Oglu"]
[Black "Ibrahimli, Murad Sultanali"]
[Result "1/2-1/2"]
[WhiteElo "2344"]
[BlackElo "2408"]
[PlyCount "72"]
[EventDate "2023.02.07"]
[EventType "swiss"]
[EventRounds "9"]
[EventCountry "AZE"]
[SourceTitle "CBM 212 Extra"]
[Source "ChessBase"]
[SourceDate "2023.03.31"]
[SourceVersion "1"]
[SourceVersionDate "2023.03.31"]
[SourceQuality "1"]

1. e4 e5 2. Nf3 Nc6 3. Nc3 Nf6 4. d4 Bb4 5. Nxe5 Qe7 6. Nxc6 Qxe4+ 7. Be2 dxc6 8. 0-0 Qh4 9. g3 Qh3 10. Re1 0-0 11. Bf1 Qg4 12. Qxg4 Bxg4 13. Bf4 Rac8 14. a3 Ba5 15. h3 Bh5 16. Bg2 Rfd8 17. Be5 Ne8 18. d5 Bxc3 19. Bxc3 cxd5 20. Re5 Bg6 21. Rxd5 Nd6 22. Rc1 c6 23. Rdd1 Nb5 24. Be5 f6 25. c4 Nxa3 26. Bd4 Rd7 27. bxa3 Rcd8 28. Bd5+ cxd5 29. Bxa7 dxc4 30. Rxd7 Rxd7 31. Rxc4 b5 32. Rc8+ Kf7 33. Be3 Be4 34. g4 Kg6 35. Kh2 Rd3 36. Rc5 Rd5 1/2-1/2

[Event "Guba op"]
[Site "Guba"]
[Date "2023.02.09"]
[Round "4"]
[White "Ibrahimli, Murad Sultanali"]
[Black "Akhmedov, Farid"]
[Result "1-0"]
[WhiteElo "2408"]
[BlackElo "2137"]
[PlyCount "65"]
[EventDate "2023.02.07"]
[EventType "swiss"]
[EventRounds "9"]
[EventCountry "AZE"]
[SourceTitle "CBM 212 Extra"]
[Source "ChessBase"]
[SourceDate "2023.03.31"]
[SourceVersion "1"]
[SourceVersionDate "2023.03.31"]
[SourceQuality "1"]

1. c4 e6 2. Nf3 Nf6 3. g3 d5 4. Bg2 d4 5. 0-0 c5 6. e3 Nc6 7. exd4 cxd4 8. d3 Be7 9. Re1 0-0 10. Na3 Nd7 11. Nc2 e5 12. b4 f6 13. a3 Re8 14. Qe2 Nf8 15. Rb1 a5 16. b5 Nb8 17. Nfxd4 Bd6 18. a4 Ra7 19. Nb3 b6 20. d4 Rae7 21. Be3 Bf5 22. c5 Bc7 23. Rbd1 Qc8 24. d5 bxc5 25. d6 Bxd6 26. Rxd6 c4 27. Nxa5 Bd3 28. Rxd3 cxd3 29. Qxd3 e4 30. Qc4+ Ne6 31. Qxc8 Rxc8 32. Bxe4 f5 33. Bxf5 1-0

[Event "AZE-ch Prelim 77th"]
[Site "Baku"]
[Date "2023.01.17"]
[Round "5"]
[White "Ibrahimli, Murad Sultanali"]
[Black "Sadikhov, Ulvi Ramil Oglu"]
[Result "1-0"]
[WhiteElo "2416"]
[BlackElo "2490"]
[PlyCount "69"]
[EventDate "2023.01.13"]
[EventType "swiss"]
[EventRounds "9"]
[EventCountry "AZE"]
[SourceTitle "CBM 212 Extra"]
[Source "ChessBase"]
[SourceDate "2023.03.31"]
[SourceVersion "1"]
[SourceVersionDate "2023.03.31"]
[SourceQuality "1"]

1. d4 Nf6 2. c4 g6 3. Nc3 Bg7 4. e4 d6 5. Be2 0-0 6. Nf3 e5 7. 0-0 exd4 8. Nxd4 Re8 9. f3 c6 10. Kh1 d5 11. cxd5 cxd5 12. Bb5 Bd7 13. Bg5 h6 14. Bxf6 Qxf6 15. Bxd7 Nxd7 16. Ndb5 Qb6 17. Qxd5 Ne5 18. Na4 Qf6 19. Nc7 Red8 20. Qb3 Rd2 21. Rad1 Rad8 22. Nd5 Qa6 23. Rfe1 Rd3 24. Qc2 Kh8 25. h3 b6 26. f4 Rc8 27. Nac3 Rxd1 28. Rxd1 Nd7 29. e5 Nc5 30. f5 b5 31. Ne7 Re8 32. Ncd5 Qa4 33. b3 Qe4 34. Qxc5 Qxe5 35. fxg6 1-0